People in pictures with the Dalai Lama - Statistics

General Stats
  • This quiz has been taken 178 times
  • The average score is 5 of 8
Answer Stats
Picture Answer % Correct
Barack Obama
98%
George W. Bush
95%
Mao Zedong
82%
Whoopi Goldberg
65%
Nancy Pelosi
59%
Richard Gere
57%
Desmond Tutu
43%
Jawaharlal Nehru
39%
No matching quizzes found
Score Distribution
Percent of People with Each Score
Percentile by Number Answered
Your Score History
You have not taken this quiz